000 00603nam a2200229Ia 4500
003 OSt
005 20221006164138.0
006 a|||||r|||| 00| 0
007 ta
008 221006b |||||||| |||| 00| 0 eng d
024 _a3,189
037 _cTextual
040 _aFML
_cFML
_beng
041 _2eng
_aeng
082 _aP111:4k, 153N6
100 _aTeja Singh Ed.
_9676700
245 0 _aEnglish - Punjabi Dictonary
260 _aLudhiana
_bLahore Book Shop
_c1996
300 _a694
_ccm.
942 _hP111:4k, 153N6
_cTEXL
_2CC
999 _c1116343
_d1116343